[Event "RUS-chT2"]
[Site "Sochi"]
[Date "2018.05.01"]
[Round "1.9"]
[White "Chigaev, Maksim"]
[Black "Safarian, Armen A"]
[Result "1-0"]
[WhiteElo "2565"]
[BlackElo "2144"]
[PlyCount "67"]
[EventDate "2018.05.01"]
[EventType "team-swiss"]
[EventRounds "9"]
[EventCountry "RUS"]
[SourceTitle "CBM 184 Extra"]
[Source "ChessBase"]
[SourceDate "2018.06.28"]
[SourceVersion "1"]
[SourceVersionDate "2018.06.28"]
[SourceQuality "1"]
[WhiteTeam "Voronezh Region"]
[BlackTeam "North Ossetia Alania"]
[WhiteTeamCountry "RUS"]
[BlackTeamCountry "RUS"]

1. g3 Nf6 2. Bg2 d5 3. Nf3 c6 4. 0-0 g6 5. b3 Bg7 6. Bb2 0-0 7. c4 Bg4 8. d4 Nbd7 9. Nc3 Rc8 10. h3 Bxf3 11. Bxf3 e5 12. e3 dxc4 13. bxc4 exd4 14. exd4 Qb6 15. Rb1 Rfd8 16. Na4 Qb4 17. Qb3 Qxb3 18. axb3 b5 19. cxb5 cxb5 20. Nc3 b4 21. Nb5 a6 22. Na7 Rc7 23. Nc6 Re8 24. Nxb4 Re6 25. d5 Rb6 26. Nc6 Rxb3 27. d6 Rxc6 28. Bxc6 Rb6 29. Rfe1 Nb8 30. Bxf6 Rxb1 31. Rxb1 Nxc6 32. Bxg7 Kxg7 33. d7 Kf8 34. Re1 1-0

[Event "Sochi Rating"]
[Site "Sochi"]
[Date "2012.05.14"]
[Round "3"]
[White "Safarian, Armen A"]
[Black "Frolov, Lev"]
[Result "1-0"]
[WhiteElo "2082"]
[BlackElo "1959"]
[PlyCount "89"]
[EventDate "2012.05.12"]
[EventType "tourn"]
[EventRounds "9"]
[EventCountry "RUS"]
[SourceTitle "EXT 2014"]
[Source "ChessBase"]
[SourceDate "2013.11.20"]
[SourceVersion "1"]
[SourceVersionDate "2013.11.20"]
[SourceQuality "1"]

1. e4 c6 2. d4 d5 3. Nd2 dxe4 4. Nxe4 Nd7 5. Nf3 Ngf6 6. Nxf6+ Nxf6 7. Be3 Bg4 8. Be2 e6 9. Qd2 Bd6 10. h3 Bf5 11. 0-0-0 Ne4 12. Qe1 Qe7 13. Bd3 Bb4 14. Qf1 0-0-0 15. g4 Bg6 16. Ne5 Nf6 17. a3 Bxd3 18. Qxd3 Bd6 19. Qe2 Nd5 20. Bd2 Kb8 21. c4 Nc7 22. Bf4 Rhe8 23. Qe4 f6 24. Nf3 Bxf4+ 25. Qxf4 c5 26. Rhe1 cxd4 27. Rxd4 e5 28. Qe4 Rxd4 29. Nxd4 Qc5 30. Nf5 g6 31. Ne3 Rd8 32. Rd1 Rxd1+ 33. Kxd1 Ne6 34. b4 Qd6+ 35. Qd5 Kc7 36. c5 Qd7 37. Qxd7+ Kxd7 38. Nd5 Nf4 39. Nxf4 exf4 40. Kd2 Ke6 41. Kd3 Kd5 42. f3 h6 43. Kc3 a5 44. Kd3 Ke5 45. c6 1-0

[Event "WC-2015-P-00013"]
[Site "LSS email"]
[Date "2011.02.20"]
[Round "?"]
[White "Hintze, Emanuel"]
[Black "Safarian, Armen A"]
[Result "1-0"]
[WhiteElo "2208"]
[BlackElo "2131"]
[PlyCount "125"]
[EventDate "2011.02.24"]
[EventType "tourn (corr)"]
[EventRounds "6"]
[EventCountry "GER"]
[SourceTitle "Telechess CBM 155"]
[Source "ChessBase"]
[SourceDate "2013.07.16"]
[SourceVersion "1"]
[SourceVersionDate "2013.07.16"]
[SourceQuality "1"]

1. e4 e5 2. Nf3 Nc6 3. d4 exd4 4. Nxd4 Bc5 5. Be3 Qf6 6. c3 Nge7 7. Bc4 Ne5 8. Be2 Qg6 9. 0-0 d6 10. f3 0-0 11. Nd2 d5 12. Kh1 dxe4 13. fxe4 Ng4 14. Bg1 Qg5 15. Nc4 Ng6 16. b4 Bb6 17. a4 Re8 18. Qc2 Qe7 19. Rae1 Bxd4 20. cxd4 Nf6 21. Nd2 Qxb4 22. Bc4 c6 23. Bxf7+ Kxf7 24. e5 Kg8 25. exf6 Rxe1 26. f7+ Kh8 27. Rxe1 Bd7 28. Rb1 Qe7 29. Rxb7 Qxf7 30. Qc5 a6 31. Qd6 Nf8 32. Nb3 Qd5 33. Qg3 Ng6 34. Nc5 Bc8 35. Rb8 Rxb8 36. Qxb8 Qg8 37. Qa8 Ne7 38. Nxa6 h5 39. Nc5 h4 40. h3 Kh7 41. Qb8 Qd5 42. Bf2 Qg5 43. Qb1+ Nf5 44. a5 Qd2 45. Qe1 Qc2 46. Bxh4 Nxd4 47. Qe5 Qc4 48. a6 Ne2 49. Be1 Nf4 50. Kh2 Qc2 51. Qxf4 Qxc5 52. Qe4+ Bf5 53. Bb4 Qf2 54. Qe5 Bc8 55. Qh5+ Kg8 56. Qe8+ Kh7 57. Be1 Qf5 58. a7 Bb7 59. Qe7 Ba8 60. Qd8 Bb7 61. Qc7 Qb5 62. Bc3 Qg5 63. Bd4 1-0

[Event "CP-2009-Q-00012"]
[Site "LSS email"]
[Date "2011.02.03"]
[Round "?"]
[White "Bacino, Gustavo"]
[Black "Safarian, Armen A"]
[Result "1-0"]
[WhiteElo "2076"]
[BlackElo "2143"]
[PlyCount "121"]
[EventDate "2011.02.05"]
[EventType "tourn (corr)"]
[EventRounds "6"]
[EventCountry "GER"]
[SourceTitle "Telechess CBM 155"]
[Source "ChessBase"]
[SourceDate "2013.07.16"]
[SourceVersion "1"]
[SourceVersionDate "2013.07.16"]
[SourceQuality "1"]

1. Nf3 d5 2. g3 c5 3. Bg2 Nc6 4. 0-0 Nf6 5. d4 e6 6. c4 dxc4 7. Qa4 Bd7 8. Qxc4 b5 9. Qd3 Rc8 10. dxc5 Bxc5 11. Nc3 Nb4 12. Qd1 0-0 13. Ne5 Be8 14. Qxd8 Rxd8 15. Bg5 h6 16. Bxf6 gxf6 17. Ng4 Be7 18. Nxh6+ Kg7 19. Ng4 f5 20. Ne3 Rd2 21. Rab1 Nc2 22. Nxc2 Rxc2 23. Rfc1 Rxc1+ 24. Rxc1 b4 25. Nd1 Bb5 26. Rc2 Rd8 27. Ne3 Bf6 28. Bf3 Bd4 29. Kg2 a5 30. b3 a4 31. Rd2 Rd7 32. Nc2 Bc3 33. Rxd7 Bxd7 34. Bb7 Bb5 35. Kf3 Kg6 36. Ke3 Be8 37. Ba6 Bc6 38. Nd4 Bd7 39. bxa4 Bxa4 40. f4 Kh5 41. Bb7 Kg4 42. Bg2 Bd7 43. Kd3 f6 44. Kc4 e5 45. fxe5 fxe5 46. Nc2 Be6+ 47. Bd5 Bxd5+ 48. Kxd5 Kh3 49. Ne3 f4 50. Nf5 Bb2 51. gxf4 exf4 52. Ke4 Kxh2 53. Kxf4 Kg1 54. e4 Kf2 55. e5 Ke2 56. e6 Bf6 57. Ke4 Kd2 58. Ne3 Be7 59. Nd5 Bf8 60. Kd4 Kc2 61. Nxb4+ 1-0

[Event "CP-2009-Q-00012"]
[Site "LSS email"]
[Date "2011.02.03"]
[Round "?"]
[White "Safarian, Armen A"]
[Black "Evans, Gordon R"]
[Result "0-1"]
[WhiteElo "2143"]
[BlackElo "2225"]
[PlyCount "116"]
[EventDate "2011.02.05"]
[EventType "tourn (corr)"]
[EventRounds "6"]
[EventCountry "GER"]
[SourceTitle "Telechess CBM 155"]
[Source "ChessBase"]
[SourceDate "2013.07.16"]
[SourceVersion "1"]
[SourceVersionDate "2013.07.16"]
[SourceQuality "1"]

1. e4 c5 2. Nf3 d6 3. d4 cxd4 4. Qxd4 Nc6 5. Bb5 Bd7 6. Bxc6 Bxc6 7. Nc3 Nf6 8. Bg5 e6 9. 0-0-0 Be7 10. Rhe1 0-0 11. Kb1 Qc7 12. Qd2 Rfd8 13. Nd4 Rab8 14. f3 b5 15. g4 Be8 16. Nce2 h6 17. Be3 d5 18. e5 Nd7 19. f4 Rdc8 20. h4 Rb6 21. Ng3 Bxh4 22. Qh2 Bxg3 23. Qxg3 Ra6 24. Rh1 f6 25. Rd3 fxe5 26. Rc3 Qb8 27. g5 h5 28. Rxc8 Qxc8 29. fxe5 Bg6 30. Bf2 b4 31. Qe3 Qc7 32. Be1 Qxe5 33. Qxe5 Nxe5 34. Bxb4 Ng4 35. Bc5 e5 36. Nf3 Be4 37. Rh3 Bxf3 38. Rxf3 Kh7 39. Rd3 Kg6 40. Rxd5 h4 41. Rd3 Kxg5 42. b4 e4 43. Rd5+ Kf4 44. b5 Re6 45. Bxa7 e3 46. Rd1 e2 47. Re1 h3 48. a4 Kf3 49. Bc5 h2 50. b6 Rh6 51. Kb2 h1Q 52. Rxh1 Rxh1 53. Bb4 Ne5 54. b7 Nc6 55. Bc3 e1Q 56. Bxe1 Rxe1 57. a5 Re7 58. a6 Nb8 0-1

[Event "LSS CP-2009-P-00077"]
[Site "LSS email"]
[Date "2009.10.11"]
[Round "?"]
[White "Safarian, Armen A"]
[Black "Zirek, Mehmet"]
[Result "1-0"]
[WhiteElo "2186"]
[BlackElo "1969"]
[PlyCount "87"]
[EventDate "2009.10.01"]
[EventType "tourn (corr)"]
[EventRounds "6"]
[EventCountry "GER"]
[SourceTitle "Corr 2013"]
[Source "ChessBase"]
[SourceDate "2012.11.12"]
[SourceVersion "1"]
[SourceVersionDate "2012.11.12"]
[SourceQuality "1"]
[WhiteTeam "US of America"]
[BlackTeam "US of America"]
[WhiteTeamCountry "USA"]
[BlackTeamCountry "USA"]

1. d4 d5 2. c4 e6 3. Nc3 Nf6 4. Nf3 c6 5. Bg5 Nbd7 6. cxd5 exd5 7. e3 Be7 8. Bd3 h6 9. Bf4 0-0 10. h3 Re8 11. 0-0 Nf8 12. Qc2 Bd6 13. Ne5 Qe7 14. Rfe1 Ne6 15. Bh2 Nc7 16. Rac1 Be6 17. Nf3 Bxh2+ 18. Kxh2 Nd7 19. Ne2 Qf6 20. Nf4 Qe7 21. a3 Qd6 22. Kg1 Rac8 23. b4 Nf6 24. a4 Ne4 25. Ne5 Nf6 26. b5 cxb5 27. Nxe6 fxe6 28. Bg6 Re7 29. axb5 Rf8 30. Qa4 a6 31. bxa6 Nxa6 32. Re2 Rc7 33. Rec2 Rfc8 34. Rxc7 Rxc7 35. Rxc7 Nxc7 36. Qa7 b6 37. Qb8+ Nce8 38. Qc8 Kf8 39. g4 Ke7 40. Nc6+ Kf8 41. Qa8 Qd7 42. Kg2 b5 43. Kf3 b4 44. h4 1-0

[Event "LSS CP-2009-P-00077"]
[Site "LSS email"]
[Date "2009.09.27"]
[Round "?"]
[White "Sadowski, Marek"]
[Black "Safarian, Armen A"]
[Result "1/2-1/2"]
[WhiteElo "2189"]
[BlackElo "1673"]
[PlyCount "94"]
[EventDate "2009.10.01"]
[EventType "tourn (corr)"]
[EventRounds "6"]
[EventCountry "GER"]
[SourceTitle "Telechess CBM 137"]
[Source "ChessBase"]
[SourceDate "2010.07.15"]
[SourceVersion "1"]
[SourceVersionDate "2010.07.15"]
[SourceQuality "1"]

1. e4 c5 2. Nf3 d6 3. d4 cxd4 4. Nxd4 Nf6 5. Nc3 a6 6. Be3 e5 7. Nb3 Be6 8. f3 Be7 9. Qd2 0-0 10. 0-0-0 Nbd7 11. g4 b5 12. g5 b4 13. Ne2 Ne8 14. f4 a5 15. f5 Bxb3 16. cxb3 a4 17. bxa4 Rxa4 18. b3 Ra5 19. Kb1 d5 20. exd5 Bc5 21. Bxc5 Nxc5 22. d6 Qa8 23. d7 Nxd7 24. Ng3 Nc7 25. Bg2 Qa6 26. Qd6 Nc5 27. Qxa6 Rxa6 28. Bf1 Ra5 29. Bc4 Rfa8 30. Rd2 Kf8 31. Re1 h6 32. gxh6 gxh6 33. h3 e4 34. h4 Ne8 35. Nxe4 Nxe4 36. Rxe4 Rb8 37. Rf4 Nf6 38. Rd6 Ke7 39. Rc6 Rg8 40. Rf1 Ne4 41. Re1 Kd7 42. Bxf7 Kxc6 43. Bxg8 Nc3+ 44. Kc2 Rxf5 45. a4 Rh5 46. Rh1 Kc5 47. Bc4 Kd4 1/2-1/2

[Event "LSS CP-2009-P-00077"]
[Site "LSS email"]
[Date "2009.09.27"]
[Round "?"]
[White "Safarian, Armen A"]
[Black "Seris Granier Gonzales, Manuel Angel"]
[Result "1/2-1/2"]
[WhiteElo "2207"]
[BlackElo "1483"]
[PlyCount "106"]
[EventDate "2009.10.01"]
[EventType "tourn (corr)"]
[EventRounds "6"]
[EventCountry "GER"]
[SourceTitle "Corr 2013"]
[Source "ChessBase"]
[SourceDate "2012.11.12"]
[SourceVersion "1"]
[SourceVersionDate "2012.11.12"]
[SourceQuality "1"]
[WhiteTeam "US of America"]
[BlackTeam "US of America"]
[WhiteTeamCountry "USA"]
[BlackTeamCountry "USA"]

1. e4 e5 2. f4 exf4 3. Nf3 g5 4. h4 g4 5. Ne5 Nf6 6. d4 d6 7. Nd3 Nxe4 8. Bxf4 Qe7 9. Be2 h5 10. Nd2 f5 11. c3 b6 12. Nxe4 fxe4 13. Bg5 Qg7 14. Nf4 Be7 15. Bxe7 Kxe7 16. 0-0 Kd8 17. Qb3 c6 18. d5 Bd7 19. dxc6 Nxc6 20. Rad1 Rh6 21. Ba6 Rb8 22. Nd5 b5 23. Rf4 Re6 24. a4 e3 25. Bxb5 e2 26. Re1 Ne7 27. Nxe7 Qxe7 28. Qc4 Rc8 29. Qd4 Bxb5 30. axb5 Rc5 31. Qh8+ Kd7 32. Ra4 g3 33. Qa8 Rc7 34. Qg8 Re3 35. Rf4 Rc8 36. Qd5 Qe6 37. Qd4 Rc7 38. Qh8 Qd5 39. Qg7+ Re7 40. Qxg3 Rc4 41. Rxc4 Qxc4 42. Qf2 Qxb5 43. Qxa7+ Ke8 44. Qa8+ Kd7 45. Qa7+ Ke8 46. Qd4 Qxb2 47. Kh2 Kd7 48. Qa7+ Ke6 49. Qa6 Kf7 50. Qd3 Re5 51. c4 Ke6 52. g3 Ke7 53. Kh3 Qa2 1/2-1/2

[Event "LSS WC-2011-S-00004"]
[Site "LSS email"]
[Date "2008.10.23"]
[Round "?"]
[White "Ralls, Richard Nelson"]
[Black "Safarian, Armen A"]
[Result "0-1"]
[WhiteElo "2533"]
[BlackElo "2260"]
[PlyCount "58"]
[EventDate "2008.10.23"]
[EventType "tourn (corr)"]
[EventRounds "10"]
[EventCountry "GER"]
[SourceTitle "Corr 2011"]
[Source "ChessBase"]
[SourceDate "2010.08.31"]
[SourceVersion "1"]
[SourceVersionDate "2010.08.31"]
[SourceQuality "1"]

1. e4 e5 2. Nf3 Nc6 3. Bb5 a6 4. Bxc6 dxc6 5. 0-0 Qd6 6. Na3 Be6 7. Qe2 f6 8. Rd1 Bg4 9. c3 Qe6 10. Nc2 0-0-0 11. h3 Bh5 12. d3 Bd6 13. b4 Ne7 14. c4 c5 15. Be3 Nc6 16. bxc5 Be7 17. Rab1 f5 18. exf5 Qxf5 19. g4 Bxg4 20. hxg4 Qxg4+ 21. Kf1 Qh3+ 22. Ke1 e4 23. Nfd4 Nxd4 24. Bxd4 Bg5 25. Rb3 Qh1+ 26. Qf1 Qf3 27. Be3 Bxe3 28. fxe3 Qg3+ 29. Kd2 Rhf8 0-1

[Event "LSS WC-2011-S-00004"]
[Site "LSS email"]
[Date "2008.10.23"]
[Round "?"]
[White "Safarian, Armen A"]
[Black "Buczinski, Henryk"]
[Result "0-1"]
[WhiteElo "1673"]
[BlackElo "2187"]
[PlyCount "146"]
[EventDate "2008.10.23"]
[EventType "tourn (corr)"]
[EventRounds "10"]
[EventCountry "GER"]
[SourceTitle "Telechess CBM 137"]
[Source "ChessBase"]
[SourceDate "2010.07.15"]
[SourceVersion "1"]
[SourceVersionDate "2010.07.15"]
[SourceQuality "1"]

1. e4 c5 2. Nf3 d6 3. d4 cxd4 4. Qxd4 Nc6 5. Bb5 Bd7 6. Bxc6 Bxc6 7. Nc3 e6 8. Bg5 Nf6 9. 0-0-0 Be7 10. Rhe1 0-0 11. Kb1 h6 12. Bh4 Qc7 13. Qd3 Rfd8 14. Nd4 a6 15. f3 Rac8 16. Nce2 Bd7 17. g4 b5 18. Rg1 e5 19. Nf5 Bxf5 20. gxf5 d5 21. Bxf6 Bxf6 22. Nc3 dxe4 23. Qxe4 Qc5 24. Rgf1 Bg5 25. Rd5 Rxd5 26. Nxd5 f6 27. a3 Rd8 28. Rd1 Kh8 29. Rd3 Kh7 30. h3 a5 31. Nc3 Rxd3 32. Qxd3 b4 33. axb4 axb4 34. Nd5 h5 35. Ka2 Bc1 36. Kb3 Qa7 37. Nxb4 Qa1 38. Qc3 Bf4 39. h4 Qg1 40. Nd5 Qf2 41. Ka4 Qa7+ 42. Kb5 Qb8+ 43. Nb6 Bg3 44. Qd2 Bxh4 45. c4 Bg5 46. Qc2 h4 47. c5 e4 48. fxe4 h3 49. Qc3 h2 50. Qf3 Bf4 51. Ka6 Qe8 52. b4 Bb8 53. Nd5 Kh6 54. Kb7 Qe5 55. c6 Qg3 56. Qf1 Kg5 57. Qc1+ Kh4 58. Qd1 Bd6 59. Ne7 Kg5 60. b5 Qe5 61. Qc1+ Qf4 62. Qh1 Qg4 63. b6 Qg1 64. Qxh2 Qxh2 65. c7 Qe5 66. c8Q Qxe7+ 67. Kc6 Be5 68. Kb5 Kf4 69. Qc6 Qd8 70. Qd5 Qxd5+ 71. exd5 Kxf5 72. Kc6 g5 73. Kd7 Bb8 0-1

[Event "LSS WC-2011-S-00004"]
[Site "LSS email"]
[Date "2008.10.23"]
[Round "?"]
[White "Safarian, Armen A"]
[Black "Mueller, Achim"]
[Result "0-1"]
[WhiteElo "2267"]
[BlackElo "2190"]
[PlyCount "94"]
[EventDate "2008.10.23"]
[EventType "tourn (corr)"]
[EventRounds "10"]
[EventCountry "GER"]
[SourceTitle "Corr 2011"]
[Source "ChessBase"]
[SourceDate "2010.08.31"]
[SourceVersion "1"]
[SourceVersionDate "2010.08.31"]
[SourceQuality "1"]

1. d4 Nf6 2. c4 e6 3. Nf3 b6 4. g3 Ba6 5. Qa4 Bb7 6. Bg2 c5 7. 0-0 cxd4 8. Nxd4 Bxg2 9. Kxg2 Bc5 10. Rd1 0-0 11. Nc3 h6 12. Nb3 Be7 13. Bf4 Qc8 14. Rd2 Nc6 15. Rad1 a6 16. e4 Qb7 17. f3 g5 18. Bd6 Bxd6 19. Rxd6 Rfc8 20. h3 Qb8 21. R1d2 Nh5 22. Ne2 Ne5 23. c5 bxc5 24. Na5 c4 25. Qa3 Qb5 26. Qc3 Rab8 27. f4 gxf4 28. Nxf4 Nf6 29. Nd5 Nxe4 30. Qxe5 Nxd2 31. Ne7+ Kh7 32. Qf4 Rf8 33. Qxd2 c3 34. bxc3 Qxa5 35. Nd5 Rb7 36. Nf6+ Kg6 37. Ng4 Rh8 38. a4 f5 39. Nf2 Qxa4 40. Nd3 Rc8 41. Kh2 Kg7 42. Nf4 a5 43. g4 fxg4 44. Nh5+ Kf7 45. Rd4 Qb5 46. Qf2+ Ke8 47. Nf6+ Ke7 0-1

[Event "LSS WC-2011-S-00004"]
[Site "LSS email"]
[Date "2008.10.23"]
[Round "?"]
[White "Starace, Umberto"]
[Black "Safarian, Armen A"]
[Result "0-1"]
[WhiteElo "2067"]
[BlackElo "1673"]
[PlyCount "122"]
[EventDate "2008.10.23"]
[EventType "tourn (corr)"]
[EventRounds "10"]
[EventCountry "GER"]
[SourceTitle "Telechess CBM 137"]
[Source "ChessBase"]
[SourceDate "2010.07.15"]
[SourceVersion "1"]
[SourceVersionDate "2010.07.15"]
[SourceQuality "1"]

1. e4 e5 2. Nf3 Nc6 3. Bb5 a6 4. Ba4 Nf6 5. 0-0 Be7 6. Re1 b5 7. Bb3 0-0 8. h3 Bb7 9. d3 d5 10. exd5 Nxd5 11. Nxe5 Nxe5 12. Rxe5 Bf6 13. Re1 Re8 14. Nd2 Nb6 15. a4 bxa4 16. Bxa4 Qd5 17. Nf3 Rxe1+ 18. Qxe1 a5 19. Qe2 Nxa4 20. Rxa4 Bc6 21. Re4 Qa2 22. Rc4 Qb1 23. Rxc6 Qxc1+ 24. Kh2 Qxb2 25. Qe4 Qb7 26. Qa4 Be7 27. g3 Qb4 28. Rc4 Qxa4 29. Rxa4 Bb4 30. Kg2 Kf8 31. Ne5 Bc3 32. d4 Ke8 33. Nf3 f6 34. Rc4 Bb2 35. Ra4 Kd7 36. Kf1 c5 37. d5 Bc3 38. Ke2 Bb4 39. c4 g5 40. g4 Rh8 41. Nd2 Re8+ 42. Kd3 Re1 43. Ne4 Ke7 44. Ra2 Rd1+ 45. Ke3 Rd4 46. Rc2 a4 47. f4 a3 48. d6+ Ke6 49. fxg5 fxg5 50. Nxg5+ Kxd6 51. Ne4+ Kc6 52. h4 Kb6 53. g5 Ka5 54. h5 Ka4 55. g6 hxg6 56. hxg6 Kb3 57. g7 Rd8 58. Rg2 Rg8 59. Nf6 Rxg7 60. Rxg7 a2 61. Rg1 Bc3 0-1

[Event "LSS CP-2008-P-00067"]
[Site "LSS email"]
[Date "2008.10.01"]
[Round "?"]
[White "Gatto, Carolina"]
[Black "Safarian, Armen A"]
[Result "0-1"]
[WhiteElo "922"]
[BlackElo "2186"]
[PlyCount "40"]
[EventDate "2008.10.01"]
[EventType "tourn (corr)"]
[EventRounds "6"]
[EventCountry "GER"]
[SourceTitle "Corr 2013"]
[Source "ChessBase"]
[SourceDate "2012.11.12"]
[SourceVersion "1"]
[SourceVersionDate "2012.11.12"]
[SourceQuality "1"]
[WhiteTeam "US of America"]
[BlackTeam "US of America"]
[WhiteTeamCountry "USA"]
[BlackTeamCountry "USA"]

1. e4 e5 2. Nf3 Nc6 3. Bc4 Nf6 4. d4 exd4 5. e5 d5 6. Bb5 Ne4 7. Nxd4 Bd7 8. Bxc6 bxc6 9. 0-0 Be7 10. b3 0-0 11. Nd2 c5 12. Ne2 Nxd2 13. Qxd2 c6 14. Bb2 a5 15. h3 a4 16. Kh1 a3 17. Bc1 f6 18. exf6 Bxf6 19. Rb1 Bh4 20. Qe1 Qe7 0-1

[Event "LSS CP-2008-P-00067"]
[Site "LSS email"]
[Date "2008.10.01"]
[Round "?"]
[White "Peled, Shai"]
[Black "Safarian, Armen A"]
[Result "0-1"]
[WhiteElo "1812"]
[BlackElo "2262"]
[PlyCount "118"]
[EventDate "2008.10.01"]
[EventType "tourn (corr)"]
[EventRounds "6"]
[EventCountry "GER"]
[SourceTitle "Corr 2013"]
[Source "ChessBase"]
[SourceDate "2012.11.12"]
[SourceVersion "1"]
[SourceVersionDate "2012.11.12"]
[SourceQuality "1"]
[WhiteTeam "US of America"]
[BlackTeam "US of America"]
[WhiteTeamCountry "USA"]
[BlackTeamCountry "USA"]

1. e4 e6 2. d4 d5 3. e5 c5 4. c3 Qb6 5. Nf3 Bd7 6. Be2 Bb5 7. c4 Bxc4 8. Bxc4 Qb4+ 9. Nbd2 dxc4 10. a3 Qb5 11. dxc5 Nd7 12. Qe2 Qxc5 13. 0-0 Rc8 14. Rd1 Qc7 15. Ne4 Nxe5 16. Bf4 Nxf3+ 17. Qxf3 Qc6 18. Rd6 Bxd6 19. Nxd6+ Kf8 20. Nxc8 Qxc8 21. Bd6+ Ne7 22. Rd1 Ke8 23. Qh5 Ng6 24. Qe2 f6 25. Rd4 b5 26. a4 a6 27. axb5 axb5 28. Rd5 Qd7 29. Rd2 Kf7 30. Bg3 Qc8 31. Qd1 Re8 32. Rd7+ Kg8 33. h4 Qa8 34. h5 Nf8 35. Rc7 Qd5 36. Qg4 Nd7 37. h6 g6 38. Kh2 Rd8 39. Qe2 Kf7 40. Qe1 Ra8 41. f3 Ke7 42. Qb1 e5 43. b3 Qd6 44. Qe4 Qxc7 45. Qxa8 c3 46. Be1 c2 47. Bb4+ Nc5 48. Bd2 Ne6 49. Qh8 c1Q 50. Bxc1 e4+ 51. f4 Qxc1 52. Qxh7+ Kd6 53. Qxg6 Qxf4+ 54. Qg3 Qxg3+ 55. Kxg3 Nf8 56. Kf4 Kd5 57. Ke3 f5 58. g3 Ke5 59. b4 Nh7 0-1

[Event "LSS CP-2008-P-00067"]
[Site "LSS email"]
[Date "2008.10.01"]
[Round "?"]
[White "Safarian, Armen A"]
[Black "Yarmolyuk, Yury"]
[Result "1/2-1/2"]
[WhiteElo "2262"]
[BlackElo "1968"]
[PlyCount "103"]
[EventDate "2008.10.01"]
[EventType "tourn (corr)"]
[EventRounds "6"]
[EventCountry "GER"]
[SourceTitle "Corr 2011"]
[Source "ChessBase"]
[SourceDate "2010.08.31"]
[SourceVersion "1"]
[SourceVersionDate "2010.08.31"]
[SourceQuality "1"]

1. d4 Nf6 2. c4 e6 3. Nc3 Bb4 4. e3 0-0 5. Bd3 d5 6. Nf3 c5 7. 0-0 Nc6 8. a3 Bxc3 9. bxc3 Qc7 10. cxd5 exd5 11. Nh4 Ne7 12. dxc5 Qxc5 13. Qc2 Be6 14. Rb1 b6 15. Nf3 Rac8 16. Bb2 Nc6 17. Ng5 h6 18. Nxe6 fxe6 19. c4 Na5 20. Bc3 dxc4 21. Be2 Rf7 22. Rfd1 Nb7 23. Rb4 b5 24. Bd4 Qc6 25. a4 a6 26. axb5 axb5 27. Bf3 Nd5 28. Qg6 Nc5 29. Rdb1 Nb3 30. Be4 Kf8 31. Qh7 Nxd4 32. exd4 Qd7 33. Bxd5 exd5 34. Rxb5 Re7 35. Rb6 Rce8 36. f3 Re1+ 37. Rxe1 Rxe1+ 38. Kf2 Re6 39. Qf5+ Ke7 40. Rb2 Rc6 41. Qe5+ Kf7 42. Rb5 Rd6 43. Rc5 Kg8 44. f4 Kh8 45. h3 Qd8 46. Kg1 Qf6 47. f5 Qd8 48. Kh2 Kg8 49. Qf4 Qd7 50. Qf3 Kh7 51. Kh1 Qf7 52. Kh2 1/2-1/2

[Event "IECG WC.2005.F.00007 email"]
[Site "IECG email"]
[Date "2006.06.05"]
[Round "?"]
[White "Heyn, Wolfgang"]
[Black "Safarian, Armen A"]
[Result "0-1"]
[WhiteElo "2130"]
[BlackElo "2166"]
[PlyCount "80"]
[EventDate "2006.06.05"]
[EventType "tourn (corr)"]
[EventRounds "14"]
[SourceTitle "Corr 2008"]
[Source "ChessBase"]
[SourceDate "2008.06.24"]
[SourceVersion "1"]
[SourceVersionDate "2008.06.24"]
[SourceQuality "1"]

1. e4 e6 2. d4 d5 3. Nc3 Bb4 4. e5 c5 5. a3 Bxc3+ 6. bxc3 Ne7 7. h4 Nbc6 8. h5 h6 9. Nf3 Bd7 10. Rb1 Qc7 11. Be2 Rc8 12. 0-0 Na5 13. Bd3 c4 14. Be2 Nac6 15. a4 Nd8 16. Ra1 Qa5 17. Ba3 Qxc3 18. a5 Ndc6 19. Bc5 Nb4 20. Qe1 Qxe1 21. Nxe1 Rxc5 22. dxc5 Nec6 23. f4 f6 24. Rb1 Bc8 25. exf6 gxf6 26. Rf3 Na6 27. Ra3 Nd4 28. Bf1 Nxc5 29. Rd1 Nf5 30. Nf3 Rg8 31. Nd4 Ng3 32. Be2 Nxe2+ 33. Nxe2 Ne4 34. Nc3 Nd6 35. Kf2 Bd7 36. g3 Bc6 37. Ra2 Nf5 38. Ne2 e5 39. c3 Nd6 40. Rg1 Ne4+ 0-1

[Event "IECG WC.2005.F.00007 email"]
[Site "IECG email"]
[Date "2006.06.05"]
[Round "?"]
[White "Oestergaard, Allan"]
[Black "Safarian, Armen A"]
[Result "0-1"]
[WhiteElo "2115"]
[BlackElo "2166"]
[PlyCount "82"]
[EventDate "2006.06.05"]
[EventType "tourn (corr)"]
[EventRounds "14"]
[SourceTitle "Corr 2008"]
[Source "ChessBase"]
[SourceDate "2008.06.24"]
[SourceVersion "1"]
[SourceVersionDate "2008.06.24"]
[SourceQuality "1"]

1. e4 Nf6 2. e5 Nd5 3. d4 d6 4. c4 Nb6 5. f4 dxe5 6. fxe5 Nc6 7. Nf3 Bg4 8. e6 fxe6 9. c5 Nd5 10. Bb5 Qd7 11. Nbd2 g6 12. Qa4 Bg7 13. Ne5 Bxe5 14. dxe5 Ne3 15. Bxc6 Qxc6 16. Qxc6+ bxc6 17. Kf2 Nc2 18. Rb1 0-0+ 19. Kg3 Be2 20. b4 a5 21. Nb3 Rad8 22. h3 a4 23. Na1 Na3 24. Rb2 Bd3 25. Rf2 Bc4 26. Rxf8+ Kxf8 27. Kf2 Nb5 28. a3 Nxa3 29. Bxa3 Rd2+ 30. Ke3 Rd3+ 31. Ke4 Rxa3 32. Kd4 Bd5 33. Nc2 Ra2 34. Ne3 a3 35. Re1 Rf2 36. Kc3 a2 37. h4 Bxg2 38. Nxg2 Rxg2 39. Ra1 Kg7 40. Kc4 h5 41. b5 cxb5+ 0-1

[Event "IECG CP.2003.S.00007 email"]
[Site "IECG email"]
[Date "2006.04.01"]
[Round "?"]
[White "Safarian, Armen A"]
[Black "Schindler, Sven"]
[Result "1/2-1/2"]
[WhiteElo "2177"]
[BlackElo "2364"]
[PlyCount "74"]
[EventDate "2006.04.01"]
[EventType "tourn (corr)"]
[EventRounds "6"]
[EventCountry "NED"]
[SourceTitle "Corr 2008"]
[Source "ChessBase"]
[SourceDate "2008.06.24"]
[SourceVersion "1"]
[SourceVersionDate "2008.06.24"]
[SourceQuality "1"]

1. d4 e6 2. Nf3 Nf6 3. c4 b6 4. g3 Bb7 5. Bg2 Be7 6. 0-0 0-0 7. Nc3 Ne4 8. Qc2 Nxc3 9. Qxc3 f5 10. b3 Bf6 11. Bb2 d6 12. Rad1 a5 13. Qd2 Nd7 14. a3 Qe7 15. Nh4 Bxg2 16. Nxg2 c6 17. f3 Rad8 18. e3 Qf7 19. e4 fxe4 20. fxe4 Qe7 21. Qe2 Bg5 22. h3 e5 23. h4 Bh6 24. d5 cxd5 25. exd5 Rxf1+ 26. Rxf1 Rf8 27. g4 g6 28. g5 Bg7 29. Nf4 Nc5 30. b4 Na4 31. Ne6 Rxf1+ 32. Kxf1 Qf7+ 33. Kg2 axb4 34. axb4 Nxb2 35. Qxb2 Qf5 36. Qf2 Qe4+ 37. Kg3 Qxc4 1/2-1/2

[Event "IECG CP.2004.Q.00009 email"]
[Site "IECG email"]
[Date "2006.01.20"]
[Round "?"]
[White "Martin Moreno, Luis"]
[Black "Safarian, Armen A"]
[Result "0-1"]
[WhiteElo "1980"]
[BlackElo "2177"]
[PlyCount "68"]
[EventDate "2006.01.20"]
[EventType "tourn (corr)"]
[EventRounds "6"]
[EventCountry "ARM"]
[SourceTitle "Corr 2008"]
[Source "ChessBase"]
[SourceDate "2008.06.24"]
[SourceVersion "1"]
[SourceVersionDate "2008.06.24"]
[SourceQuality "1"]

1. e4 c5 2. Nc3 Nc6 3. f4 e6 4. Nf3 d5 5. Bb5 Nf6 6. Qe2 Be7 7. 0-0 0-0 8. Bxc6 bxc6 9. d3 Qc7 10. Bd2 Rb8 11. b3 Ba6 12. Rae1 c4 13. bxc4 dxc4 14. d4 Rfe8 15. Rb1 Rxb1 16. Rxb1 c5 17. e5 Nd5 18. Nxd5 exd5 19. Be3 Rb8 20. Qd1 Rxb1 21. Qxb1 Qb6 22. Qxb6 axb6 23. dxc5 bxc5 24. c3 h5 25. Kf2 Kh7 26. f5 Bc8 27. g4 hxg4 28. Ng5+ Kg8 29. e6 fxe6 30. fxe6 Bf6 31. Kg3 Bxc3 32. Bxc5 Bd2 33. e7 Bd7 34. Ne6 Kf7 0-1